Rehacer la sociedad: senderos hacia un futuro verde

Сохранить в:
Библиографические подробности
Главный автор: Bookchin, Murray
Формат:
Язык:испанский
Опубликовано: Santiago, Chile Lom 2012
Серии:Ecología. Ciencias Humanas
Предметы:
Метки: Добавить метку
Нет меток, Требуется 1-ая метка записи!

MARC

LEADER 00000cam a2200000 a 4500
001 UCF4578
003 CL-VaPUC
005 20210407001216.0
008 121213e20120000CL |||||||||||||||||spa|d
999 |c 350334  |d 350332 
020 |a 9789560003720 
040 |c Pontificia Universidad Católica de Valparaíso 
082 0 4 |a 361 BOO 2012  |2 21 
100 0 |a Bookchin, Murray  |9 566118 
245 1 0 |a Rehacer la sociedad: senderos hacia un futuro verde 
260 0 3 |a Santiago, Chile  |b Lom  |c 2012 
300 |a 208 páginas 
490 0 |a Ecología. Ciencias Humanas 
583 |a last modification  |c 20121213 11:07:00  |k Rodrigo Vera 
650 0 |a Problemas sociales  |9 258537 
650 0 |a Ecología humana   |9 263207 
650 0 |a Ecología   |9 258124 
650 0 |a Bienestar social   |9 255298 
942 |c BK  |2 ddc 
945 |d 20121213 00:00:00  |a dcastane 
952 |0 0  |1 0  |2 ddc  |3 erb  |4 0  |6 361_000000000000000_BOO_2012  |7 0  |8 A  |9 453616  |a BIBING  |b BIBING  |i 504538K  |l 4  |o 361 BOO 2012  |p 504538K  |r 2025-04-08  |s 2025-03-25  |t 2  |w 2019-11-22  |y BK  |z Catalogado en:20140109  |k GEO